000 00279nam a2200109Ia 4500
001 1272384
005 20260417151427.0
008 260417s9999 xx 000 0 und d
020 _a9786255888723
245 0 _aUzayda Kaybolan Domates
_cElif Sevli Özer
260 _bKetebe Çocuk
999 _c1272384
_d1272384